Statistics for Name As Many Irish Whiskey/Whisky Brands As You Can

Click here to take the quiz!

General Stats

  • This quiz has been taken 190 times
  • The average score is 8 of 47

Answer Stats

Answer% Correct
Jameson
95%
Bushmills
67%
Tullamore Dew
50%
Redbreast
44%
Powers
37%
Green Spot
33%
Teeling
33%
Paddy
32%
Connemara
31%
Yellow Spot
26%
Proper No. Twelve
23%
Red Spot
23%
Slane
20%
Kilbeggan
19%
Midleton
19%
Dingle
14%
Writers Tears
13%
Dunville
12%
Glendalough
12%
Knappogue Castle
12%
Clontarf
11%
Method and Madness
11%
Hinch
10%
Dubliner
9%
Sexton
9%
The Irishman
9%
Hyde
8%
Lambay
8%
Old Comber
8%
Roe & Co
8%
The Dead Rabbit
8%
Dublin Liberties
6%
JJ Corry
6%
Kinahan's
6%
Pearse
6%
Pogues
6%
Silkie
6%
The Pogues
6%
A Drop of the Irish
5%
Athru
5%
Egan's
5%
Gelston's
5%
Jane Doe
5%
Nectar of the Daily Drams
5%
That Boutique-y Whisky Company
4%
Sadler's
3%
The Whisky Agency
3%

Score Distribution

Percentile by Number Answered

Percent of People with Each Score

Your Score History

You have not taken this quiz